000 00684nam a2200217Ia 4500
003 OSt
005 20260122193534.0
007 ca aa aaaaa
008 201103s9999 xx 000 0 und d
040 _cSSBUL
041 _abur
082 _a၆၄၆.၇၉
_bအေး
100 _a အေးမောင်၊ ဦး
_916853
245 0 _aဘဝဆည်းစျာ /
_cဦးအေးမောင်။
260 _aရန်ကုန် ၊
_bနဝရတ်စာပေ၊
_c၁၉၇၂။
300 _a၁၈၄ စာမျက်နှာ ၊
_c၂၁ စင်တီ။
500 _aS-SAT: Dr. Prof Sai Aung Tun
942 _cBK1
942 _2ddc
942 _2ddc
999 _c16805
_d16805